Normal view MARC view
  • Electrical engineering

Entry Topical Term

Number of records used in: 6

001 - CONTROL NUMBER

  • control field: 33874

003 - CONTROL NUMBER IDENTIFIER

  • control field: OSt

005 - DATE AND TIME OF LATEST TRANSACTION

  • control field: 20150105153503.0

008 - FIXED-LENGTH DATA ELEMENTS

  • fixed length control field: 131001|| aca||aabn | a|a d

040 ## - CATALOGING SOURCE

  • Original cataloging agency: OSt
  • Transcribing agency: OSt

150 ## - HEADING--TOPICAL TERM

  • Topical term or geographic name as entry element: Electrical engineering

450 ## - SEE FROM TRACING--TOPICAL TERM

  • Topical term or geographic name entry element: Electric engineering

550 ## - SEE ALSO FROM TRACING--TOPICAL TERM

  • Topical term or geographic name entry element: Engineering

670 ## - SOURCE DATA FOUND

  • Source citation: Work cat.: (OSt)0: Lonngren, Karl E. (Karl Erik), 1938- 33871, Fundamentals of electromagnetics with MATLAB /, c2007.